1360 1890 1612 1131 1792 1944 1170 1733 1370 1603 1718 1676 1124 1582 1190 1125 1866 1256 1855 1419 1020 1076 1492 1438 1979 1048 1198 1622 1433 1968 1938 1172 1108 1281 1818 1609 1062 1029 1495 1416 1508 1169 1188 1029 1997 1243 1090 1738 1846 1160 1719 1501 1455 1336 1999 1422 1215 1212 1383 1025 1239 1313 1685 1528 1070 1193 1458 1572 1225 1863 1659 1731 1877 1278 1185 1640 1572 1754 1005 1788 1970 1866 1675 1340 1344 1125 1487 1877 1799 1624 1459 1407 1217 1288 1442 1298 1056 1839 1600 BCNSPRNW ULIB Ver.6.0+V

เปลี่ยนเป็นภาษาไทย

Change to English
 แสดงรายละเอียดบรรณานุกรม
  กลับหน้าหลัก

Brief Record : Get Marc (ISO 2709) : E-mail record : QR code < ปิดหน้าต่าง
LEADER : 00000nam 2200000uu 4500
001    13399120375
003     ULIB
008    020711s2551 th a 000 0 tha d
020    9789740409182
050    WF300^bฉ251H
100    ฉันชาย สิทธิพันธุ์.
245    โล่งอกกับปอดสุขภาพดี =^bHealthy lung /^cฉันชาย สิทธิพันธุ์.
260    กรุงเทพฯ :^bเอ เอ เปเปอร์ แอนด์ สเตชั่นเนอรี่,^c2551
300    119 หน้า
650    ปอด^xโรค.
650    ระบบหายใจ^xโรค.
945    ^p0^l0^i024410
999    ^aวรรณษา ชูชัยมงคล
รายการนี้ยังไม่มีแท็ก
คุณยังไม่ได้ล็อกอิน คุณสามารถมีกิจกรรมร่วมกับเว็บไซต์ได้ แต่ต้องล็อกอินก่อน ::
  ล็อกอิน

รายการสื่อสารสนเทศ

ลำดับที่ ประเภท เลขเรียก/บาร์โค้ด สถานที่ สถานะ
1. วิทยาศาสตร์การแพทย์ และสุขภาพ
วิทยาศาสตร์การแพทย์ และสุขภาพ
WF300 ฉ251H  
  Barcode: 024410
ห้องสมุดวิทยาเขตสวรรค์ประชารักษ์
►หนังสือทั่วไป
บนชั้น

รายการใกล้เคียง
    ผู้แต่ง [ฉันชาย สิทธิพันธุ์.]

BibComment


ยังไม่เคยถูกคอมเมนท์

คอมเมนท์ทรัพยากรรายการนี้
  คอมเมนท์: โล่งอกกับปอดสุขภา..


 Copyright 2026. Bcnsprnw @Library